Statistics for Fast Math - Randomized Multiplication in 30 Seconds

Click here to take the quiz!

General Stats

  • This quiz has been taken 111,911 times
  • The average score is 7 of 16

Answer Stats

 Problem Solution% Correct
4 x 416
95%
10 x 440
90%
6 x 530
87%
5 x 525
86%
8 x 432
86%
60 x 3180
83%
8 x 324
83%
16 x 232
83%
11 x 444
83%
6 x 212
82%
22 x 244
82%
8 x 216
81%
21 x 242
81%
9 x 545
81%
60 x 10600
81%
20 x 10200
80%
14 x 228
79%
2 x 24
79%
10 x 660
79%
53 x 2106
78%
50 x 4200
78%
6 x 424
78%
70 x 4280
78%
23 x 246
78%
20 x 360
78%
32 x 264
78%
7 x 214
77%
31 x 10310
77%
38 x 10380
77%
39 x 10390
77%
15 x 345
77%
15 x 460
77%
33 x 266
77%
35 x 270
77%
4 x 28
77%
42 x 284
77%
61 x 2122
76%
5 x 315
76%
50 x 3150
76%
10 x 220
76%
7 x 535
76%
12 x 336
76%
90 x 6540
76%
54 x 10540
76%
55 x 10550
76%
11 x 666
76%
55 x 2110
75%
30 x 6180
75%
19 x 10190
75%
15 x 230
75%
10 x 330
75%
33 x 10330
75%
10 x 550
75%
9 x 218
74%
40 x 5200
74%
90 x 3270
74%
19 x 238
74%
42 x 10420
74%
27 x 254
74%
56 x 10560
74%
36 x 272
74%
15 x 575
74%
3 x 39
74%
30 x 390
74%
59 x 2118
73%
40 x 3120
73%
20 x 7140
73%
40 x 4160
73%
70 x 3210
73%
80 x 3240
73%
50 x 5250
73%
9 x 327
73%
20 x 240
73%
45 x 10450
73%
11 x 555
73%
29 x 258
73%
31 x 262
73%
10 x 770
73%
9 x 872
73%
25 x 375
73%
40 x 280
73%
70 x 2140
72%
80 x 2160
72%
11 x 222
72%
60 x 4240
72%
27 x 10270
72%
6 x 636
72%
90 x 4360
72%
60 x 7420
72%
24 x 248
72%
30 x 260
72%
4 x 312
71%
14 x 10140
71%
17 x 10170
71%
6 x 318
71%
61 x 4244
71%
25 x 10250
71%
7 x 428
71%
14 x 342
71%
50 x 9450
71%
48 x 10480
71%
23 x 369
71%
44 x 288
71%
10 x 990
71%
62 x 2124
70%
51 x 3153
70%
91 x 2182
70%
51 x 4204
70%
32 x 10320
70%
8 x 648
70%
7 x 749
70%
50 x 10500
70%
70 x 8560
70%
16 x 464
70%
11 x 777
70%
10 x 880
70%
49 x 298
70%
5 x 210
69%
10 x 10100
69%
50 x 2100
69%
20 x 5100
69%
11 x 10110
69%
20 x 6120
69%
24 x 5120
69%
73 x 2146
69%
30 x 7210
69%
13 x 226
69%
11 x 333
69%
50 x 7350
69%
60 x 6360
69%
37 x 10370
69%
8 x 540
69%
90 x 5450
69%
8 x 756
69%
8 x 864
69%
20 x 480
69%
58 x 2116
68%
30 x 4120
68%
65 x 2130
68%
66 x 2132
68%
15 x 10150
68%
90 x 2180
68%
5 x 420
68%
7 x 321
68%
12 x 224
68%
60 x 5300
68%
7 x 642
68%
70 x 6420
68%
49 x 10490
68%
14 x 456
68%
33 x 399
68%
25 x 4100
67%
30 x 5150
67%
82 x 2164
67%
21 x 10210
67%
23 x 10230
67%
30 x 10300
67%
50 x 6300
67%
35 x 10350
67%
9 x 436
67%
41 x 10410
67%
12 x 448
67%
25 x 250
67%
53 x 10530
67%
9 x 654
67%
60 x 9540
67%
50 x 12600
67%
21 x 363
67%
11 x 888
67%
25 x 5125
66%
18 x 10180
66%
95 x 2190
66%
32 x 6192
66%
99 x 2198
66%
44 x 5220
66%
30 x 9270
66%
70 x 5350
66%
52 x 10520
66%
3 x 26
66%
64 x 2128
65%
24 x 10240
65%
41 x 6246
65%
36 x 10360
65%
60 x 8480
65%
17 x 351
65%
59 x 10590
65%
12 x 560
65%
43 x 286
65%
35 x 3105
64%
12 x 10120
64%
63 x 2126
64%
13 x 10130
64%
20 x 8160
64%
42 x 5210
64%
80 x 4320
64%
46 x 10460
64%
24 x 20480
64%
38 x 276
64%
9 x 981
64%
12 x 896
64%
32 x 396
64%
51 x 2102
63%
22 x 5110
63%
60 x 2120
63%
45 x 4180
63%
94 x 2188
63%
96 x 2192
63%
52 x 4208
63%
40 x 7280
63%
64 x 5320
63%
81 x 4324
63%
18 x 236
63%
13 x 339
63%
30 x 13390
63%
80 x 5400
63%
40 x 10400
63%
44 x 10440
63%
30 x 15450
63%
80 x 6480
63%
57 x 10570
63%
9 x 763
63%
22 x 366
63%
12 x 672
63%
31 x 393
63%
11 x 999
63%
34 x 3102
62%
32 x 5160
62%
20 x 12240
62%
28 x 10280
62%
20 x 16320
62%
20 x 18360
62%
50 x 8400
62%
40 x 11440
62%
28 x 256
62%
24 x 372
62%
52 x 2104
61%
11 x 11121
61%
81 x 2162
61%
41 x 4164
61%
83 x 2166
61%
61 x 3183
61%
20 x 11220
61%
91 x 3273
61%
13 x 452
61%
41 x 282
61%
28 x 384
61%
45 x 290
61%
38 x 3114
60%
68 x 2136
60%
72 x 2144
60%
77 x 2154
60%
93 x 2186
60%
22 x 10220
60%
30 x 11330
60%
61 x 7427
60%
21 x 5105
59%
45 x 3135
59%
34 x 4136
59%
69 x 2138
59%
76 x 2152
59%
42 x 4168
59%
20 x 9180
59%
97 x 2194
59%
75 x 3225
59%
30 x 8240
59%
26 x 10260
59%
81 x 6486
59%
71 x 7497
59%
21 x 484
59%
47 x 294
59%
54 x 2108
58%
31 x 4124
58%
21 x 6126
58%
35 x 4140
58%
79 x 2158
58%
40 x 6240
58%
52 x 5260
58%
61 x 5305
58%
40 x 8320
58%
34 x 10340
58%
20 x 20400
58%
88 x 5440
58%
25 x 20500
58%
40 x 15600
58%
17 x 468
58%
34 x 268
58%
19 x 476
58%
16 x 580
58%
22 x 488
58%
18 x 590
58%
56 x 2112
57%
46 x 3138
57%
71 x 2142
57%
25 x 6150
57%
22 x 7154
57%
92 x 2184
57%
53 x 5265
57%
29 x 10290
57%
66 x 5330
57%
17 x 234
57%
47 x 10470
57%
16 x 348
57%
40 x 12480
57%
13 x 678
57%
24 x 496
57%
44 x 3132
56%
28 x 5140
56%
74 x 2148
56%
75 x 2150
56%
78 x 2156
56%
85 x 2170
56%
56 x 4224
56%
81 x 3243
56%
69 x 5345
56%
40 x 9360
56%
41 x 9369
56%
44 x 11484
56%
99 x 5495
56%
26 x 252
56%
14 x 684
56%
12 x 784
56%
19 x 595
56%
16 x 696
56%
15 x 8120
55%
12 x 11132
55%
31 x 5155
55%
84 x 2168
55%
55 x 4220
55%
71 x 5355
55%
81 x 5405
55%
43 x 10430
55%
50 x 11550
55%
80 x 7560
55%
46 x 292
55%
18 x 9162
54%
54 x 3162
54%
55 x 3165
54%
21 x 9189
54%
65 x 3195
54%
33 x 6198
54%
41 x 5205
54%
76 x 3228
54%
55 x 5275
54%
30 x 12360
54%
20 x 19380
54%
51 x 10510
54%
58 x 10580
54%
32 x 4128
53%
13 x 11143
53%
16 x 9144
53%
12 x 12144
53%
71 x 3213
53%
72 x 5360
53%
92 x 4368
53%
51 x 8408
53%
70 x 7490
53%
37 x 274
53%
57 x 2114
52%
29 x 4116
52%
42 x 3126
52%
27 x 5135
52%
52 x 3156
52%
88 x 2176
52%
59 x 3177
52%
62 x 3186
52%
20 x 13260
52%
41 x 8328
52%
30 x 16480
52%
13 x 565
52%
26 x 378
52%
15 x 9135
51%
36 x 4144
51%
87 x 2174
51%
98 x 2196
51%
20 x 15300
51%
39 x 11429
51%
30 x 20600
51%
27 x 381
51%
23 x 492
51%
21 x 7147
50%
57 x 3171
50%
39 x 5195
50%
25 x 8200
50%
35 x 6210
50%
43 x 5215
50%
73 x 3219
50%
33 x 7231
50%
92 x 3276
50%
33 x 9297
50%
51 x 7357
50%
21 x 20420
50%
48 x 11528
50%
18 x 354
50%
19 x 357
50%
14 x 570
50%
15 x 690
50%
12 x 9108
49%
33 x 4132
49%
19 x 8152
49%
34 x 5170
49%
25 x 7175
49%
89 x 2178
49%
53 x 4212
49%
25 x 11275
49%
31 x 9279
49%
96 x 3288
49%
99 x 3297
49%
51 x 6306
49%
28 x 20560
49%
18 x 472
49%
39 x 278
49%
13 x 791
49%
48 x 296
49%
37 x 3111
48%
17 x 7119
48%
22 x 6132
48%
24 x 6144
48%
29 x 5145
48%
14 x 11154
48%
16 x 10160
48%
15 x 11165
48%
31 x 6186
48%
22 x 9198
48%
54 x 5270
48%
20 x 14280
48%
62 x 5310
48%
33 x 11363
48%
92 x 5460
48%
23 x 20460
48%
14 x 9126
47%
18 x 7126
47%
23 x 6138
47%
53 x 3159
47%
86 x 2172
47%
16 x 11176
47%
22 x 8176
47%
17 x 11187
47%
91 x 4364
47%
95 x 4380
47%
27 x 20540
47%
99 x 6594
47%
14 x 798
47%
36 x 5180
46%
84 x 3252
46%
73 x 4292
46%
31 x 11341
46%
22 x 20440
46%
43 x 3129
45%
26 x 5130
45%
56 x 3168
45%
63 x 3189
45%
19 x 11209
45%
49 x 5245
45%
51 x 5255
45%
20 x 17340
45%
97 x 5485
45%
40 x 13520
45%
13 x 8104
44%
23 x 5115
44%
16 x 8128
44%
13 x 12156
44%
49 x 4196
44%
31 x 8248
44%
63 x 4252
44%
85 x 3255
44%
64 x 4256
44%
56 x 5280
44%
71 x 4284
44%
67 x 5335
44%
83 x 5415
44%
89 x 5445
44%
45 x 11495
44%
55 x 9495
44%
29 x 387
44%
19 x 6114
43%
67 x 2134
43%
18 x 11198
43%
72 x 3216
43%
15 x 15225
43%
25 x 9225
43%
82 x 3246
43%
98 x 3294
43%
59 x 5295
43%
77 x 4308
43%
65 x 5325
43%
76 x 5380
43%
82 x 5410
43%
84 x 5420
43%
75 x 6450
43%
41 x 11451
43%
66 x 7462
43%
26 x 20520
43%
29 x 20580
43%
46 x 5230
42%
59 x 4236
42%
66 x 4264
42%
24 x 11264
42%
42 x 7294
42%
75 x 4300
42%
68 x 5340
42%
64 x 6384
42%
35 x 11385
42%
61 x 8488
42%
27 x 4108
41%
17 x 8136
41%
48 x 3144
41%
33 x 5165
41%
43 x 4172
41%
29 x 7203
41%
68 x 3204
41%
21 x 11231
41%
22 x 11242
41%
62 x 4248
41%
65 x 4260
41%
38 x 7266
41%
84 x 4336
41%
42 x 8336
41%
99 x 4396
41%
96 x 5480
41%
54 x 9486
41%
36 x 3108
40%
18 x 6108
40%
28 x 4112
40%
23 x 7161
40%
21 x 8168
40%
14 x 12168
40%
24 x 7168
40%
37 x 5185
40%
54 x 4216
40%
31 x 7217
40%
37 x 6222
40%
57 x 4228
40%
32 x 8256
40%
43 x 6258
40%
45 x 6270
40%
41 x 7287
40%
74 x 4296
40%
52 x 6312
40%
85 x 4340
40%
88 x 4352
40%
34 x 11374
40%
65 x 6390
40%
85 x 5425
40%
72 x 6432
40%
66 x 8528
40%
51 x 11561
40%
30 x 19570
40%
13 x 9117
39%
41 x 3123
39%
28 x 6168
39%
64 x 3192
39%
48 x 4192
39%
45 x 5225
39%
83 x 3249
39%
23 x 11253
39%
24 x 12288
39%
34 x 9306
39%
25 x 14350
39%
62 x 6372
39%
37 x 11407
39%
54 x 8432
39%
98 x 5490
39%
62 x 9558
39%
74 x 8592
39%
39 x 3117
38%
19 x 7133
38%
38 x 4152
38%
46 x 4184
38%
47 x 4188
38%
66 x 3198
38%
47 x 6282
38%
97 x 3291
38%
93 x 4372
38%
86 x 5430
38%
65 x 7455
38%
94 x 5470
38%
43 x 11473
38%
30 x 17510
38%
36 x 15540
38%
72 x 8576
38%
54 x 11594
38%
17 x 585
38%
49 x 3147
37%
37 x 4148
37%
15 x 13195
37%
58 x 4232
37%
67 x 4268
37%
32 x 11352
37%
61 x 6366
37%
63 x 6378
37%
44 x 9396
37%
30 x 14420
37%
56 x 9504
37%
72 x 7504
37%
26 x 4104
36%
47 x 3141
36%
27 x 6162
36%
44 x 6264
36%
93 x 3279
36%
55 x 6330
36%
91 x 5455
36%
51 x 9459
36%
59 x 8472
36%
23 x 22506
36%
65 x 8520
36%
49 x 11539
36%
75 x 8600
36%
15 x 7105
35%
24 x 8192
35%
16 x 14224
35%
19 x 12228
35%
32 x 9288
35%
72 x 4288
35%
78 x 4312
35%
53 x 6318
35%
82 x 4328
35%
23 x 15345
35%
58 x 6348
35%
19 x 19361
35%
52 x 7364
35%
73 x 5365
35%
25 x 15375
35%
33 x 12396
35%
46 x 9414
35%
87 x 5435
35%
57 x 9513
35%
25 x 21525
35%
30 x 18540
35%
52 x 11572
35%
14 x 8112
34%
16 x 16256
34%
86 x 3258
34%
88 x 3264
34%
22 x 12264
34%
46 x 6276
34%
36 x 8288
34%
25 x 12300
34%
35 x 9315
34%
36 x 9324
34%
83 x 4332
34%
29 x 12348
34%
75 x 5375
34%
96 x 4384
34%
66 x 6396
34%
53 x 8424
34%
31 x 17527
34%
71 x 8568
34%
17 x 6102
33%
26 x 6156
33%
35 x 5175
33%
15 x 12180
33%
28 x 7196
33%
47 x 5235
33%
16 x 15240
33%
29 x 9261
33%
23 x 12276
33%
48 x 6288
33%
45 x 7315
33%
86 x 4344
33%
74 x 5370
33%
77 x 5385
33%
97 x 4388
33%
78 x 5390
33%
71 x 6426
33%
49 x 9441
33%
82 x 6492
33%
46 x 11506
33%
65 x 9585
33%
23 x 9207
32%
16 x 13208
32%
18 x 12216
32%
77 x 3231
32%
21 x 12252
32%
35 x 8280
32%
94 x 3282
32%
57 x 5285
32%
19 x 15285
32%
37 x 8296
32%
45 x 8360
32%
55 x 7385
32%
55 x 8440
32%
63 x 7441
32%
88 x 6528
32%
61 x 9549
32%
40 x 14560
32%
47 x 12564
32%
63 x 9567
32%
73 x 8584
32%
98 x 6588
32%
25 x 24600
32%
39 x 4156
31%
34 x 6204
31%
69 x 3207
31%
36 x 6216
31%
27 x 8216
31%
36 x 7252
31%
49 x 6294
31%
43 x 7301
31%
79 x 4316
31%
48 x 7336
31%
44 x 8352
31%
59 x 6354
31%
62 x 7434
31%
22 x 22484
31%
44 x 13572
31%
66 x 9594
31%
44 x 4176
30%
38 x 5190
30%
34 x 7238
30%
37 x 7259
30%
87 x 3261
30%
58 x 5290
30%
21 x 16336
30%
21 x 17357
30%
54 x 7378
30%
48 x 8384
30%
32 x 12384
30%
43 x 9387
30%
57 x 7399
30%
38 x 11418
30%
35 x 12420
30%
58 x 8464
30%
36 x 13468
30%
44 x 12528
30%
91 x 6546
30%
92 x 6552
30%
26 x 7182
29%
15 x 14210
29%
24 x 9216
29%
48 x 5240
29%
27 x 9243
29%
42 x 6252
29%
19 x 14266
29%
68 x 4272
29%
26 x 11286
29%
28 x 11308
29%
29 x 11319
29%
46 x 7322
29%
42 x 9378
29%
23 x 19437
29%
25 x 18450
29%
57 x 8456
29%
63 x 8504
29%
85 x 6510
29%
93 x 6558
29%
81 x 7567
29%
64 x 9576
29%
13 x 13169
28%
58 x 3174
28%
14 x 14196
28%
17 x 12204
28%
38 x 6228
28%
18 x 13234
28%
44 x 7308
28%
49 x 8392
28%
36 x 11396
28%
28 x 15420
28%
47 x 9423
28%
73 x 6438
28%
42 x 11462
28%
62 x 8496
28%
36 x 14504
28%
25 x 22550
28%
94 x 6564
28%
82 x 7574
28%
19 x 9171
27%
34 x 8272
27%
21 x 13273
27%
21 x 14294
27%
23 x 13299
27%
19 x 16304
27%
25 x 13325
27%
22 x 15330
27%
38 x 9342
27%
94 x 4376
27%
56 x 8448
27%
67 x 7469
27%
68 x 7476
27%
45 x 12540
27%
79 x 7553
27%
67 x 3201
26%
26 x 9234
26%
28 x 9252
26%
18 x 15270
26%
69 x 4276
26%
95 x 3285
26%
76 x 4304
26%
47 x 7329
26%
24 x 15360
26%
53 x 7371
26%
28 x 14392
26%
79 x 5395
26%
52 x 8416
26%
21 x 21441
26%
35 x 13455
26%
76 x 6456
26%
93 x 5465
26%
95 x 5475
26%
29 x 19551
26%
95 x 6570
26%
53 x 11583
26%
27 x 12324
25%
54 x 6324
25%
22 x 16352
25%
24 x 19456
25%
32 x 15480
25%
41 x 13533
25%
85 x 7595
25%
16 x 7112
24%
18 x 8144
24%
17 x 9153
24%
29 x 6174
24%
23 x 8184
24%
16 x 12192
24%
17 x 13221
24%
79 x 3237
24%
35 x 7245
24%
39 x 7273
24%
56 x 6336
24%
49 x 7343
24%
46 x 8368
24%
31 x 13403
24%
45 x 9405
24%
48 x 9432
24%
31 x 15465
24%
52 x 9468
24%
79 x 6474
24%
53 x 9477
24%
42 x 12504
24%
64 x 8512
24%
86 x 6516
24%
47 x 11517
24%
76 x 7532
24%
45 x 13585
24%
31 x 19589
24%
14 x 13182
23%
74 x 3222
23%
39 x 6234
23%
78 x 3234
23%
33 x 8264
23%
22 x 13286
23%
39 x 9351
23%
47 x 8376
23%
29 x 13377
23%
69 x 6414
23%
33 x 13429
23%
29 x 15435
23%
77 x 6462
23%
73 x 7511
23%
29 x 18522
23%
89 x 6534
23%
68 x 8544
23%
24 x 23552
23%
27 x 7189
22%
26 x 8208
22%
18 x 16288
22%
26 x 12312
22%
21 x 15315
22%
74 x 6444
22%
37 x 12444
22%
33 x 14462
22%
39 x 12468
22%
23 x 21483
22%
29 x 17493
22%
83 x 6498
22%
84 x 6504
22%
87 x 6522
22%
75 x 7525
22%
33 x 16528
22%
24 x 24576
22%
49 x 12588
22%
17 x 14238
21%
89 x 3267
21%
22 x 14308
21%
63 x 5315
21%
19 x 17323
21%
18 x 18324
21%
87 x 4348
21%
98 x 4392
21%
56 x 7392
21%
21 x 19399
21%
25 x 17425
21%
74 x 7518
21%
77 x 7539
21%
26 x 22572
21%
25 x 23575
21%
96 x 6576
21%
39 x 15585
21%
33 x 18594
21%
27 x 22594
21%
27 x 11297
20%
18 x 17306
20%
39 x 8312
20%
24 x 14336
20%
21 x 18378
20%
68 x 6408
20%
36 x 12432
20%
31 x 14434
20%
34 x 13442
20%
34 x 14476
20%
37 x 13481
20%
67 x 8536
20%
32 x 17544
20%
28 x 8224
19%
19 x 13247
19%
17 x 17289
19%
22 x 17374
19%
25 x 16400
19%
59 x 7413
19%
78 x 6468
19%
31 x 16496
19%
34 x 15510
19%
58 x 9522
19%
23 x 23529
19%
46 x 12552
19%
83 x 7581
19%
29 x 8232
18%
24 x 13312
18%
57 x 6342
18%
43 x 8344
18%
89 x 4356
18%
31 x 12372
18%
24 x 16384
18%
32 x 13416
18%
22 x 21462
18%
25 x 19475
18%
41 x 12492
18%
33 x 15495
18%
27 x 19513
18%
42 x 13546
18%
31 x 18558
18%
32 x 7224
17%
17 x 16272
17%
37 x 9333
17%
27 x 13351
17%
23 x 16368
17%
22 x 18396
17%
58 x 7406
17%
28 x 16448
17%
39 x 13507
17%
78 x 7546
17%
33 x 17561
17%
28 x 21588
17%
37 x 16592
17%
46 x 13598
17%
18 x 14252
16%
38 x 8304
16%
27 x 17459
16%
35 x 14490
16%
32 x 16512
16%
43 x 12516
16%
35 x 15525
16%
24 x 22528
16%
28 x 19532
16%
41 x 14574
16%
36 x 16576
16%
67 x 6402
15%
34 x 12408
15%
27 x 16432
15%
64 x 7448
15%
97 x 6582
15%
84 x 7588
15%
17 x 15255
14%
26 x 13338
14%
26 x 14364
14%
23 x 17391
14%
23 x 18414
14%
22 x 19418
14%
32 x 14448
14%
69 x 7483
14%
27 x 18486
14%
59 x 9531
14%
38 x 14532
14%
26 x 23598
14%
24 x 17408
13%
26 x 17442
13%
37 x 14518
13%
27 x 21567
13%
38 x 15570
13%
48 x 12576
13%
42 x 14588
13%
28 x 12336
12%
19 x 18342
12%
26 x 15390
12%
29 x 14406
12%
38 x 12456
12%
29 x 16464
12%
26 x 18468
12%
26 x 21546
12%
23 x 14322
11%
38 x 13494
11%
24 x 21504
11%
43 x 13559
11%
34 x 17578
11%
35 x 17595
11%
27 x 15405
10%
69 x 8552
10%
37 x 15555
10%
34 x 16544
9%
32 x 18576
9%
28 x 13364
8%
27 x 14378
8%
39 x 14546
7%
26 x 16416
6%
24 x 18432
6%
28 x 17476
6%
26 x 19494
6%
28 x 18504
6%
35 x 16560
6%

Score Distribution

Percentile by Number Answered

Percent of People with Each Score

Your Score History

You have not taken this quiz